| 000 | 00384nam a2200145Ia 4500 | ||
|---|---|---|---|
| 008 | 191201s2005 xx 000 0 und d | ||
| 082 |
_a621.3 _bSAF |
||
| 100 | _aSahdev, S K | ||
| 245 | 0 | _aFundamentals of Electrical Engineering and Electronics | |
| 250 | _a2nd | ||
| 260 |
_aN.Delhi _bDhanpat Rai Pubns (P) Ltd _c2005 |
||
| 300 | _a653 | ||
| 650 | _aB.Tech(ECE) | ||
| 942 |
_2ddc _cBK _03 |
||
| 999 |
_c1074 _d1074 |
||